header

The National Academies' guidelines for human embryonic stem cell research (Record no. 23641)

MARC details
000 -LEADER
fixed length control field 01686nam a2200313Ia 4500
245 04 - TITLE STATEMENT
Title The National Academies' guidelines for human embryonic stem cell research
260 ## - PUBLICATION, DISTRIBUTION, ETC. (IMPRINT)
Place of publication Washington :
Name of publisher National Academies Press,
Year of publication c2008.
300 ## - PHYSICAL DESCRIPTION
Number of Pages x, 54 p.
650 #0 - SUBJECT ADDED ENTRY--TOPICAL TERM
Topical Term Embryonic stem cells
Topical Term Human embryo
856 40 - ELECTRONIC LOCATION AND ACCESS
Uniform Resource Identifier http://site.ebrary.com/lib/rucke/Doc?id=10267563

No items available.

© 2026 Rongo University
Contact us: librarian | system librarian | Rongo university